[Event "Niedersachsen-ch Seniors 35th"]
[Site "Wingst"]
[Date "2001.04.05"]
[Round "3"]
[White "Perk, Egbert"]
[Black "Bersch, Elmar"]
[Result "1/2-1/2"]
[WhiteElo "2071"]
[BlackElo "1884"]
[PlyCount "46"]
[EventDate "2001.04.??"]
[EventType "swiss"]
[EventRounds "9"]
[EventCountry "GER"]
[SourceTitle "EXT 2006"]
[Source "ChessBase"]
[SourceDate "2005.11.24"]
[SourceVersion "1"]
[SourceVersionDate "2005.11.24"]
[SourceQuality "1"]

1. d4 d5 2. c4 e6 3. Nf3 Nf6 4. Bg5 Be7 5. Nc3 0-0 6. e3 b6 7. Bd3 Bb7 8. Bxf6 Bxf6 9. cxd5 exd5 10. Qc2 h6 11. Rc1 Na6 12. Qa4 Nb8 13. b4 a6 14. Qb3 Qd6 15. 0-0 Nd7 16. Rfd1 Rfe8 17. Ne2 b5 18. Ng3 g6 19. Qc2 Rac8 20. Rb1 Nb6 21. Rb3 Nc4 22. e4 dxe4 23. Nxe4 Bxe4 1/2-1/2